| 000 | 01064nas a2200313 4500 | ||
|---|---|---|---|
| 001 | BR2013000632 | ||
| 003 | BR-BrBNA | ||
| 005 | 20231205121833.0 | ||
| 007 | ta | ||
| 008 | 230509b bl.|||p| |||| 00| 00por d | ||
| 040 |
_aBR-BrBNA _bpor _cBiblioteca Nacional de Agricultura |
||
| 041 | _a(Pt) | ||
| 072 | _aL72 | ||
| 100 | 1 | _aRodrigues, A.B. | |
| 100 | 1 | _aAthayde, A.C.R. | |
| 100 | 1 | _aRodrigues, O.G. | |
| 100 | 1 | _aSilva, W.W. | |
| 100 | 1 | _aFaria, E.B. | |
| 245 | 1 | _aSensibilidade dos nematóides gastrintestinais de caprinos a anti-helmínticos na mesorregião do sertão paraibano | |
| 246 | 1 | _aEvaluation of the efficacy of antihelmintics to control gastrointestinal nematodes in goats raised in the state of Paraíba | |
| 650 | _aCAPRINO | ||
| 650 | _aPRAGA DE ANIMAL | ||
| 650 | _aNEMATÓIDE | ||
| 650 | _aNEMATICIDA | ||
| 650 | _aRESISTÊNCIA | ||
| 773 | 0 |
_tPesquisa Veterinária Brasileira (Brazil) _xISSN 0100-736X _g(Apr 2007), v. 27(4) p. 162-166 _wBR2013000632 |
|
| 909 |
_a202311 _bLúcia _c55 _dLúcia Elande |
||
| 942 |
_2AGRIS _n0 _cANA |
||
| 999 |
_c225497 _d225497 |
||